000 00588nam a2200193 a 4500
001 000009770
005 20240412074213.0
008 091001s19uu dr 000 p spa d
040 _aDO-SdBNP
_bspa
_cBNPHU
082 _aRD861.44
_bB533c
100 1 _aBerroa, Robert,
_d1955-
_920525
245 1 0 _aCuando la casa está sola /
_cRobert Berroa.
260 _aSanto Domingo :
_bIngras,
_c[198_?].
300 _a49 p. ;
_c21 cm.
590 _aInventariado, 2018/LP
650 0 _aPoesía dominicana
_966
650 0 _aLiteratura dominicana.
_967
910 _aValidado. Control de calidad MMOLINA
999 _c9530
_d9530